00916nam a2200241 i 4500001000700000003000900007005001700016007000300033008004100036080000700077100002700084245008800111260007000199300002600269490005200295500004300347500001800390650003200408830006000440852003300500999001900533952012200552133705ES-MaACL20250903011201.0t|070827s1958 xxu ||||1| eng d a510 aCarroll, Lewis.93584410aSymbolic Logic and the game of logic (both books bond as one) / cby Lewis Carroll. aNew York : bDover Publications : bBerkeley Enterprises, c1958. a199, 96 p. ; c21 cm.1 aMathematical recreations of Lewis Carroll ; v1 aBiblioteca Jacinto Martínez Lacalle. aReprod. facs.17aMatemáticas2embne9148140 aMathematical recreations of Lewis Carroll ; v19219772 aES-MaACLjE-12033 bR.139940 c133705d133705 00104070aATENEOMbATENEOMcDEPO2d2008-01-17eSCl0oE-12033p1139186r2023-02-23 00:00:00w2023-02-23yMONOGRAFIA